| 000 | 01223nam a2200265 a 4500 | ||
|---|---|---|---|
| 001 | 000000760 | ||
| 003 | DO-SdBNP | ||
| 005 | 20230712135625.0 | ||
| 008 | 090509m2000 dr d 000 0 spa d | ||
| 040 |
_aBPMSU _bspa _cBPMSU |
||
| 082 | 4 |
_a327.97293 _bN964p 2000- _222 |
|
| 245 | 0 | 3 |
_aLa nueva política exterior dominicana y temas de relaciones internacionales / _cedición Ana E. Martínez. |
| 260 |
_aSanto Domingo : _bSecretaría de Estado de Relaciones Exteriores, _c2000. |
||
| 300 |
_av. : _bgráf. ; _c23 cm. |
||
| 500 | _a | ||
| 504 | _aIncluye referencias bibliográficas y notas al pie de las páginas | ||
| 505 | 0 |
_aPresentación / _rDr. Eduardo Latorre (Secretario de Estado de Relaciones Exteriores) -- _tPrimera parte - La nueva política exterior dominicana -- _tSegunda parte - Temas de relaciones internacionales -- |
|
| 590 | _6Inventariado, 2023/VM | ||
| 600 | 1 | 4 |
_aFernández, Leonel _d1953 - _xENsayos, conferencias, etc. |
| 651 | 4 |
_aRepública Dominicana _xRelaciones exteriores _xEnsayos, confrencias, etc. |
|
| 700 | 1 |
_aMartínez, Ana E. _eed. |
|
| 710 | 2 | _aSecretaría de Estado de Relaciones Exteriores (República Dominicana) | |
| 910 | _aVMateo V. Control de calidad (BPMSU) | ||
| 942 |
_2ddc _cBK |
||
| 999 |
_c14418 _d14418 |
||